000 00899nam a22002057a 4500
999 _c6393
_d6393
005 20251125232807.0
008 s2540 th tha d
020 _a9748994627
040 _aNALT
041 _atha
050 _aDS578.32 ส855จ 2540
100 0 _aพลาดิศัย สิทธิธัญกิจ
245 1 0 _aเจ้าพระยาสรศักดิ์มนตรี ทหารเสือ สมเด็จพระพุทธเจ้าหลวง
260 3 _aนนทบุรี :
_bบันทึกสยาม,
_c2540
300 _a110 หน้า :
_b ภาพประกอบ ;
_c 21 ซม.
650 0 4 _aสุรศักดิ์มนตรี, เจ้าพระยา (เจิม แสง--ชูโต), 2394 -- 2474
850 _aNALT
856 4 0 _uhttps://hdl.handle.net/20.500.14156/401618
_71
942 _cGB
_2lcc